| 000 | 00596nam a22001817a 4500 | ||
|---|---|---|---|
| 999 |
_c57673 _d57673 |
||
| 005 | 20240515161540.0 | ||
| 008 | 200902s2017 enk||||| |||| 00| 0 eng d | ||
| 020 | _a9789384323257x | ||
| 041 | _aeng | ||
| 080 | _a61 S-69 | ||
| 100 |
_aSchneider, Mary Jane _99376 |
||
| 245 |
_aIntroduction to Public Health / _cMary Jane Schneider , Henry s. schneider. |
||
| 264 |
_aBurlington _bPublished by Jones And Bartlett, _c2017. |
||
| 300 |
_a594 p. _b22 cm. |
||
| 653 | _aსაზოგადოებრივი ჯანდაცვა | ||
| 653 | _aმედიცინა | ||
| 942 |
_2udc _cBK |
||